书目信息 |
| 题名: |
松下幸之助全传
|
|
| 作者: | 赵凡禹 编著 | |
| 分册: | ||
| 出版信息: | 武汉 华中科技大学出版社 2010.10 |
|
| 页数: | 259页 | |
| 开本: | 25cm | |
| 丛书名: | ||
| 单 册: | ||
| 中图分类: | K833.135 | |
| 科图分类: | ||
| 主题词: | ||
| 电子资源: | ||
| ISBN: | 978-7-5609-6449-2 | |
| 000 | 01062nam0 2200265 450 | |
| 001 | 012010530487 | |
| 005 | 20101104102759.42 | |
| 010 | @a978-7-5609-6449-2@dCNY32.00 | |
| 100 | @a20101104d2010 em y0chiy0120 ea | |
| 101 | 0 | @achi |
| 102 | @aCN@b420000 | |
| 105 | @aac a 000yb | |
| 106 | @ar | |
| 200 | 1 | @a松下幸之助全传@Asong xia xing zhi zhu quan chuan@e从商店学徒到享誉全球的经营之神@f赵凡禹编著@Fzhao fan yu bian zhu |
| 210 | @a武汉@c华中科技大学出版社@d2010.10 | |
| 215 | @a259页@c图, 肖像@d25cm | |
| 300 | @a传记馆 | |
| 320 | @a有书目 (第259页) | |
| 330 | @a本书通过对松下幸之助传奇人生的描画、经营理念的剖析、为人处世的介绍,展现给读者一个全面的松下幸之助令读者在了解松下幸之助传奇经历的同时,得到更多值得借鉴的精神食粮。 | |
| 517 | 1 | @a从商店学徒到享誉全球的经营之神@Acong shang dian xue tu dao xiang yu quan qiu de jing ying zhi shen |
| 600 | 0 | @a松下幸之助,@Asong xia xing zhi zhu@f1894-1989@x传记 |
| 690 | @aK833.135@v4 | |
| 701 | 0 | @a赵凡禹@Azhao fan yu@4编著 |
| 801 | 0 | @aCN@bQSSK@c20101104 |
| 905 | @b787396-98@dK833.135@eS752@f3 | |
| 松下幸之助全传:从商店学徒到享誉全球的经营之神/赵凡禹编著.-武汉:华中科技大学出版社,2010.10 |
| 259页:图, 肖像;25cm |
| 传记馆 |
| ISBN 978-7-5609-6449-2:CNY32.00 |
| 本书通过对松下幸之助传奇人生的描画、经营理念的剖析、为人处世的介绍,展现给读者一个全面的松下幸之助令读者在了解松下幸之助传奇经历的同时,得到更多值得借鉴的精神食粮。 |
| ● |
| 相关链接 |
|
|
|
正题名:松下幸之助全传
索取号:K833.135/S752
 
预约/预借
| 序号 | 登录号 | 条形码 | 馆藏地/架位号 | 状态 | 备注 |
| 1 | 787396 | 207873960 | 社科库309/309社科库 60排6列3层/ [索取号:K833.135/S752] | 在馆 | |
| 2 | 787397 | 207873979 | 社科库309/309社科库 60排6列3层/ [索取号:K833.135/S752] | 在馆 | |
| 3 | 787398 | 207873988 | 社科库309/ [索取号:K833.135/S752] | 在馆 |